| 000 | 00680nam a2200205 i 4500 | ||
|---|---|---|---|
| 001 | 85749 | ||
| 003 | ES-MaACL | ||
| 005 | 20250926063056.0 | ||
| 007 | t| | ||
| 008 | 041201s1931 fr ||||1| fre d | ||
| 100 | 1 |
_aJung, Carl G., _d1875-1961 _967282 |
|
| 245 | 1 | 0 |
_aEssais de psychologie analytique / _cCharles Gustave Jung ; traduits de l'allemand par Ives Le Lay ; préface d'Edmond Jaloux. |
| 260 |
_aParis : _bStock, _c1931 ( _fSociete Generale d'imprimerie) |
||
| 300 |
_aXVIII, 198 p. ; _c19 cm. |
||
| 700 | 1 |
_aLe lay, Ives. _970895 |
|
| 700 | 1 |
_aJaloux, Edmond. _965955 |
|
| 852 |
_aES-MaACL _jA-2753 |
||
| 852 |
_aES-MaACL _jA-2711 |
||
| 999 |
_c85749 _d85749 |
||